| 000 | 00729 a2200229 4500 | ||
|---|---|---|---|
| 650 | 0 |
_9115094 _aDemocracy |
|
| 999 |
_c200131149 _d30125 |
||
| 001 | 200131149 | ||
| 003 | TR-AnTOB | ||
| 005 | 20260107143235.0 | ||
| 008 | 140107s tu 000 0 | ||
| 040 |
_aTR-AnTOB _cTR-AnTOB |
||
| 041 | _atur | ||
| 050 |
_aJC337 _bI44 2013 |
||
| 090 | _aJC337.44 2013 | ||
| 245 | 1 | 0 |
_aİmece : _bSivi toplum destekleri / _cT.C Başbakanlık Yurtdışı Türkler ve Akraba Topluluklar Başkanlığı. |
| 264 | 1 |
_aAnkara: _bSim, _c2013 |
|
| 300 |
_a183 s. : _bres. ; _c23 cm. |
||
| 650 | 0 | 7 |
_aDemokrasi _xTarih _2etuturkob _97136 |
| 650 | 0 | 7 |
_aSivil toplum _2etuturkob _99435 |
| 710 | 1 |
_aTürkiye. _bYurtdışı Türkler ve Akraba Topluluklar Başkanlığı _993316 |
|
| 942 |
_cBK _2lcc |
||